[Event "ZMDI Open 2018"]
[Site "Dresden"]
[Date "2018.08.04"]
[Round "1.1"]
[White "Wong, Gengchun"]
[Black "Li, Chao b"]
[Result "0-1"]
[WhiteElo "2178"]
[BlackElo "2714"]
[Annotator "TA"]
[PlyCount "62"]
[EventDate "2018.08.04"]
[EventType "swiss"]
[EventCountry "GER"]
[SourceTitle "playchess.com"]
[Source "ChessBase"]
[SourceQuality "1"]

{[%evp 28,62,8,11,2,6,7,10,21,17,17,0,0,-94,-84,-71,-68,-266,-271,-267,-258,-475,-444,-462,-339,-307,-313,-288,-285,-260,-222,-218,-200,-240,-220,-469,-463]} 1. Nf3 c5 2. e4 Nc6 3. d4 cxd4 4. Nxd4 Nf6 5. Nc3 d6 6. Bg5 e6 7. Qd2 a6 8. O-O-O Bd7 9. f3 {[%cal Bf2f3,Bf3f4][%mdl 32]} Be7 10. h4 h6 {B67: Sicilian: Richter-Rauzer: 7...a6 8 0-0-0 Bd7, lines without 9 f4 Be7} 11. Be3 h5 12. Kb1 Qc7 13. Bg5 Ne5 14. f4 (14. Bd3 b5 15. Rhe1 b4 16. Nce2 a5 17. f4 Neg4 18. Ng1 {½-½ (91) Short,N (2678)-Li,C (2732) Riadh 2017}) 14... Neg4 15. g3 {LiveBook: 10 Games} b5 16. a3 Rb8 17. Bh3 $1 a5 $1 18. Bxg4 hxg4 {[#]} 19. Qd3 $146 {Threatens to win with Bxf6.} Qb7 {And now ...b4 would win.} 20. e5 (20. Nb3 $11 {remains equal.}) 20... b4 $17 21. axb4 axb4 22. exf6 $2 {[#]} ({White should play} 22. Nce2 $15) 22... bxc3 $19 23. Qxc3 gxf6 $40 {[%mdl 128] Black attacks with force.} 24. Nxe6 $2 (24. Nf5 exf5 25. Bxf6) 24... Bxe6 ({Not} 24... fxe6 25. Bxf6 Rh7 26. Bxe7 $17) 25. Bxf6 Bxf6 26. Qxf6 Rh5 {[#] aiming for ...Rb5.} 27. Rhe1 Rb5 {[%cal Rb5b2]} 28. Kc1 Qe7 ({Inferior is} 28... Rxb2 29. Rxe6+ fxe6 30. Qh8+ Kd7 31. Qh7+ Ke8 32. Qg8+ Ke7 33. Qg7+ Ke8 34. Qg8+ Ke7 35. Qg7+ Ke8 36. Qg8+ $11) 29. Qh8+ Qf8 30. Qd4 Rxb2 31. Qa4+ $2 (31. Rd3 {might work better.}) 31... Ke7 {Precision: White = 38%, Black = 97%.} 0-1

[Event "ZMDI Open 2018"]
[Site "Dresden"]
[Date "2018.08.04"]
[Round "1.2"]
[White "Romanov, Evgeny"]
[Black "Gentemann, Moritz"]
[Result "1-0"]
[WhiteElo "2628"]
[BlackElo "2174"]
[Annotator "TA"]
[PlyCount "109"]
[EventDate "2018.08.04"]
[EventType "swiss"]
[EventCountry "GER"]
[SourceTitle "playchess.com"]
[Source "ChessBase"]
[SourceQuality "1"]

{[%evp 19,109,21,27,11,24,-3,5,0,0,-28,-13,-17,4,-37,-55,-40,-38,-34,0,-34,-25,-42,0,-21,6,5,0,-75,-78,-91,-2,-7,0,0,-1,0,138,70,338,336,330,352,350,345,329,343,804,808,808,804,777,766,709,531,528,527,501,513,483,449,465,450,535,494,500,487,565,557,596,589,999,906,968,953,1267,1205,5165,5165,4770,5052,1186,1050,1977,2049,5559,5544,2179,1542,1116,1114,29987,824]} 1. d4 d5 2. Nf3 Nf6 3. c4 e6 4. g3 dxc4 5. Bg2 a6 6. O-O Nc6 7. e3 Bd7 8. Nc3 Bd6 9. Qe2 {E04: Katalanisch} O-O 10. Qxc4 Rb8 {LiveBook: 6 Partien} 11. Qb3 $146 {Weiß hat minimalen Vorteil.} ({Vorgänger:} 11. b3 e5 12. Bb2 Qe7 13. Rfe1 Rfe8 14. dxe5 Nxe5 15. Nxe5 Bxe5 16. Nd5 Nxd5 17. Bxe5 Qxe5 18. Bxd5 Re7 {½-½ (18) Moll,R (2603)-Kribben,M (2661) GER email 2015}) 11... e5 12. d5 Ne7 13. e4 h6 14. a4 c6 15. Be3 cxd5 {Droht stark ...d4.} 16. exd5 (16. Bb6 $5 {[%cal Rb6d8]} Bc7 17. Bxc7 Qxc7 18. exd5 $11) 16... b5 17. axb5 Bxb5 18. Rfe1 {Schwarz sollte La7 verhindern.} Bd3 19. Qa2 (19. Qd1 $5 {[%cal Rd1d3]} e4 20. Nd2 Nexd5 21. Nxd5 Nxd5 22. Bxe4 Nxe3 23. Rxe3 $15) 19... Qc8 20. Nd2 Rd8 21. Rec1 Qf5 22. Nc4 $1 Bb4 23. Na5 (23. Ba7 $11) 23... Ng4 $17 24. Ba7 Rbc8 (24... e4 $17 {Mit der Idee ...Tbc8.} 25. h3 {[#]} e3 $1 {[%mdl 512]}) 25. Qb3 $11 Bc5 26. Bxc5 Rxc5 27. f3 $36 {[%mdl 2048] Weiss kämpft um Vorteil.} Nf6 (27... Qg5 $11 {hält das Gleichgewicht.} 28. fxg4 Qe3+ 29. Kh1 Rxa5) 28. d6 (28. Qa3 $16 Rdxd5 29. Nb3 (29. Nxd5 Rxc1+ 30. Rxc1 Nfxd5 $16)) 28... Ned5 $2 {[%mdl 8192]} (28... Ng6 $14) 29. Nxd5 $18 Rxd5 30. Nc6 {zielt auf Se7+ ab.} Re8 31. Ne7+ Rxe7 32. dxe7 e4 $2 (32... Qe6 33. Rd1 Bc4) 33. fxe4 Bxe4 34. Qb8+ Kh7 35. Rf1 Qe5 36. Qxe5 Rxe5 37. Rae1 {Txf6! ist eine echte Drohung.} Rxe7 {[#]} 38. Rxf6 $1 {[%mdl 512]} gxf6 39. Bxe4+ {[%mdl 4096] Endspiel KTL-KT} Kg7 40. Kf2 Re6 41. Re3 Rb6 42. b3 Rb4 43. Bd5 a5 44. Re7 a4 45. bxa4 Rxa4 46. Bxf7 Ra5 47. Bc4+ Kg6 48. Bd3+ f5 49. Re6+ Kg7 50. Kf3 Ra3 51. Rd6 Ra2 52. h4 Rd2 53. Rd7+ Kf6 {[#]} 54. Bxf5 $1 Z0 (54... Kxf5 55. Rxd2) 55. Ke4 {Precision: Weiß = 65%, Schwarz = 26%.} (55. Rxd2 $142 Kxf5 56. Rd6 Ke5 57. Rxh6 Kd4 58. h5 Ke5 59. Rg6 Kf5 60. Ke3) 1-0

[Event "ZMDI Open 2018"]
[Site "Dresden"]
[Date "2018.08.04"]
[Round "1.3"]
[White "Frohberg, Marco"]
[Black "Onischuk, Vladimir"]
[Result "0-1"]
[WhiteElo "2173"]
[BlackElo "2627"]
[Annotator "TA"]
[PlyCount "64"]
[EventDate "2018.08.04"]
[EventType "swiss"]
[EventCountry "GER"]
[SourceTitle "playchess.com"]
[Source "ChessBase"]
[SourceQuality "1"]

{[%evp 15,64,22,22,-14,-14,0,-12,-11,0,-1,0,0,0,0,0,0,-15,-18,0,0,0,-53,-48,-116,-107,-93,-46,-96,-97,-99,-56,-131,-103,-195,-190,-175,-192,-199,-163,-169,-158,-154,-151,-197,-194,-211,-203,-220,-209,-418,-401]} 1. e4 d6 2. g3 g6 3. Bg2 Bg7 4. d4 {[%cal Bd2d4,Bd4d5][%mdl 32]} Nc6 5. Ne2 e5 6. d5 Nce7 7. c4 {B06: Moderne Verteidigung} (7. Nbc3 f5 8. O-O Nh6 9. h3 O-O 10. Kh2 f4 11. gxf4 exf4 12. Nd4 g5 13. Ne6 Bxe6 14. dxe6 Be5 {0-1 (46) Dvorak,A (2185)-Hauchard,A (2550) Pardubice 2017}) 7... f5 8. Nbc3 Nf6 {LiveBook: 16 Partien} 9. f4 {Die Stellung ist ausgeglichen.} Nxe4 10. Nxe4 fxe4 11. fxe5 O-O 12. e6 c6 {zielt auf ...cxd5 ab.} 13. Bxe4 Qa5+ $146 ({Natürlich nicht} 13... cxd5 $6 14. cxd5 Qa5+ 15. Bd2 $16) ({Vorgänger:} 13... cxd5 14. Bxd5 Nxd5 15. cxd5 {0-1 (23) Zaja,I-Lejlic,S Medulin 1983}) 14. Bd2 Qc5 {[%csl Gf8][%cal Rc5f2]} 15. Qb3 {Droht stark Tf1.} b5 ({Viel schwächer wäre} 15... cxd5 $6 16. cxd5 b6 17. Nf4 $16) 16. cxb5 {[%cal Rd5c6]} Qf2+ $1 17. Kd1 {Le3 ist eine echte Drohung.} cxd5 18. Be3 (18. Bxd5 $11 Nxd5 19. Qxd5) 18... Qf6 $15 19. Bg2 (19. Bd4 $1 $15 Qxe6 20. Bf3) 19... Bxe6 $17 ({Ein No Go ist} 19... Qxe6 $6 20. Rc1 $11) 20. Bd4 Qg5 21. Bxg7 Kxg7 22. Qc3+ Kg8 {Weiss muss nun ...Tf2 beachten.} 23. h4 ({Lieber} 23. Qd2 $1 $15 Qe5 24. Nf4) 23... Qh5 $36 {[%mdl 2048] Weiss muss aufpassen.} 24. Ke1 (24. Rf1 $17 {ist eine bessere Verteidigung.}) 24... Rac8 $19 25. Qe3 Qe5 26. Qxe5 dxe5 27. Rc1 Rxc1+ 28. Nxc1 Nf5 29. Bh3 {[#]} d4 $1 30. Kd2 {[#]} Bc4 $1 31. Bxf5 gxf5 32. Nd3 $2 (32. Ne2 {war einen Versuch wert.}) 32... e4 {Precision: Weiß = 37%, Schwarz = 78%.} 0-1

[Event "ZMDI Open 2018"]
[Site "Dresden"]
[Date "2018.08.04"]
[Round "1.4"]
[White "Papp, Gabor"]
[Black "Bodach, Hans"]
[Result "1-0"]
[WhiteElo "2597"]
[BlackElo "2160"]
[Annotator "TA"]
[PlyCount "50"]
[EventDate "2018.08.04"]
[EventType "swiss"]
[EventCountry "GER"]
[SourceTitle "playchess.com"]
[Source "ChessBase"]
[SourceQuality "1"]

{[%evp 19,50,36,45,10,83,61,53,64,69,81,92,75,79,97,52,72,27,30,106,108,95,114,125,135,388,360,29989,29990,29999,-29999,29999,-29999,29985]} 1. e4 c5 2. Nf3 e6 3. d4 cxd4 4. Nxd4 Nc6 5. Nc3 Qc7 6. Be3 a6 7. a3 Nf6 8. f4 d6 9. Qf3 Bd7 {B82: Sicilian Scheveningen: 6 f4} (9... Nxd4 10. Bxd4 b5 11. Bd3 Bb7 12. Bxf6 gxf6 13. f5 Be7 14. O-O Qc5+ 15. Kh1 h5 16. fxe6 fxe6 17. a4 {1-0 (32) Grischuk,A (2783)-Cori Tello,J (2641) Tbilisi 2017}) 10. O-O-O {[%cal Be1c1,Bc1b1,Bb1a2][%mdl 32]} Rc8 {LiveBook: 3 Games} 11. Kb1 Be7 (11... b5 $11) 12. g4 $16 {Hoping for g5.} Nxd4 13. Rxd4 d5 14. exd5 Nxd5 15. Nxd5 Qxc2+ 16. Ka2 $1 (16. Ka1 $6 exd5 17. Bd3 Qb3 $15) 16... exd5 17. Bd3 $36 {[%mdl 2048] White has strong initiative.} Qc7 $146 18. f5 O-O (18... h6 $1 $11) 19. g5 {[%cal Bg4g5,Bg5h6,Bh6g7][%mdl 32] Black must now prevent f6.} Bc5 20. Rh4 $1 Bxe3 21. Qh5 {[%csl Gh4][%cal Rh5h7]} h6 $2 {[%mdl 8192]} (21... Bxf5 $16 22. Bxf5 h6) 22. gxh6 $18 Qe5 $2 ({Worse is} 22... gxh6 {[#]} 23. Rg1+ $1 {[%mdl 512]} Qg3 24. Rxg3+ Kh7 25. f6+ Kh8 26. Qxh6+ $1 {[%mdl 512]} Bxh6 27. Rxh6#) ({But not} 22... Bxh6 23. Qxh6 $1 {[%mdl 512]} Qc4+ 24. Ka1 $18 (24. Bxc4 gxh6 25. Rg1+ Kh7 $18)) (22... g6 $18 23. fxg6 Qd6) 23. hxg7 {[%csl Gg7,Gh4][%cal Rh5h8]} Bc1 24. Bc4 $4 {[%mdl 8192]} (24. Qh7# {and all is fine.}) 24... Z0 $4 {[%mdl 8192]} (24... Qxb2# {avoids the disaster.}) 25. Qd1 $4 {[%mdl 8192]} (25. Qh8#) 25... Z0 $4 {[%mdl 8192] Precision: White = 55%, Black = 29%.} (25... Qxb2#) 1-0

[Event "ZMDI Open 2018"]
[Site "Dresden"]
[Date "2018.08.02"]
[Round "1.5"]
[White "Fischer, Edwin"]
[Black "Heimann, Andreas"]
[Result "0-1"]
[WhiteElo "2157"]
[BlackElo "2590"]
[Annotator "TA"]
[PlyCount "90"]
[EventDate "2018.08.04"]
[EventType "swiss"]
[EventCountry "GER"]
[SourceTitle "playchess.com"]
[Source "ChessBase"]
[SourceQuality "1"]

{[%evp 11,90,0,6,0,16,9,26,0,7,-6,0,-11,4,-9,-12,-53,-52,-63,0,-2,0,-31,-18,-19,-4,-2,0,-16,0,0,0,0,0,-9,-17,-13,0,-14,-18,-22,-22,-29,-31,-51,-24,-26,-24,-167,-137,-126,-118,-276,-264,-301,-224,-225,-232,-227,-229,-222,-212,-236,-231,-228,-228,-192,-213,-322,-296,-312,-304,-504,-493,-593,-568,-691,-689,-733,-558,-29986,-29987]} 1. e4 e5 2. Nf3 Nc6 3. Nc3 Nf6 4. Bb5 Bc5 5. Bxc6 dxc6 6. d3 Qe7 {LiveBook: 7 Partien. C48: Vierspringerspiel (Rubinstein-Variante)} 7. h3 Nd7 $146 ({Vorgänger:} 7... h6 8. Be3 Bd6 9. Ne2 Be6 10. a3 Nd7 11. Qd2 c5 12. Qc3 a5 13. O-O O-O {1-0 (74) Nakamura,H (2769)-Anand,V (2759) Leuven 2018}) 8. Ne2 Nf8 {Die Stellung ist ausgeglichen.} 9. Ng3 f6 10. O-O Be6 11. c3 O-O-O 12. d4 Bb6 13. Qa4 exd4 14. Nxd4 Bd7 (14... g6 $15) 15. Qc2 Ne6 16. Be3 (16. Ndf5 {looks sharper.} Qf7 17. a4 a5 18. Qb3 Qf8 19. Qc2) 16... Nxd4 17. Bxd4 Bxd4 18. cxd4 Kb8 19. Qc3 Rhe8 20. Rfe1 Bc8 21. Rad1 Qf7 22. a3 h5 23. Re3 Qg6 24. Rde1 Bxh3 25. gxh3 {Schwarz muss nun Dc5 beachten.} h4 26. Kh2 {Und Sf1 würde nun gewinnen.} hxg3+ 27. fxg3 Rh8 {Droht ...Dg4 und aus.} 28. Kg2 $1 f5 29. e5 (29. exf5 $11 {und Weiss ist OK.} Qxf5 30. g4 Qd5+ 31. Kg1) 29... Qh6 $36 {[%mdl 2048] Weiss muss aufpassen.} 30. Rh1 {[#]} c5 $1 {[%cal Rc5d4][%mdl 512]} 31. Rd3 $2 (31. dxc5 $17 Qc6+ 32. Rf3) (31. Qxc5 Qxe3) 31... Qc6+ 32. Kg1 Qe4 {[%cal Rd8d4]} 33. Re3 cxd4 34. Rxe4 dxc3 {[%mdl 4096] Endspiel KTT-KTT} 35. Re2 cxb2 36. Rxb2 Rhe8 37. Re2 Rd5 38. e6 Rd6 39. g4 (39. Rf2 $142) 39... Rdxe6 ({Viel schwächer ist} 39... Rexe6 40. Rxe6 Rxe6 41. gxf5 $19) 40. Rxe6 Rxe6 {KT-KT} 41. Kg2 $2 (41. gxf5 Rf6 42. Kg2) 41... fxg4 42. hxg4 {Droht Matt per Th8+.} c5 43. Rh7 Re7 44. Kf3 Kc7 45. Kf4 {[#]} g5+ $1 {Precision: Weiß = 31%, Schwarz = 68%.} 0-1

[Event "ZMDI Open 2018"]
[Site "Dresden"]
[Date "2018.08.02"]
[Round "1.6"]
[White "Khenkin, Igor"]
[Black "Knaak, Joachim"]
[Result "1-0"]
[WhiteElo "2566"]
[BlackElo "2154"]
[Annotator "ChessBase"]
[PlyCount "43"]
[EventDate "2018.08.04"]
[EventType "swiss"]
[EventCountry "GER"]
[SourceTitle "playchess.com"]
[Source "ChessBase"]
[SourceQuality "1"]
[TimeControl "40/5400+30:1800+30"]

1. d4 {[%emt 1:30:28]} d5 {[%emt 1:30:19]} 2. c4 {[%emt 1:30:56]} c6 {[%emt 1:30:35]} 3. e3 {[%emt 1:30:47]} Nf6 {[%emt 1:30:31]} 4. Bd3 {[%emt 1:31:14]} e6 {[%emt 1:30:30]} 5. Nf3 {[%emt 1:31:38]} Bd6 {[%emt 1:30:10]} 6. b3 {[%emt 1:31:39]} Nbd7 {[%emt 1:29:53]} 7. Bb2 {[%emt 1:31:59]} b6 {[%emt 1:22:51]} 8. O-O {[%emt 1:30:26]} Qc7 {[%emt 1:20:52]} 9. Nc3 {[%emt 1:28:50]} Bb7 {[%emt 1:17:24]} 10. Rc1 {[%emt 1:07:28]} a6 {[%emt 1:12:05]} 11. cxd5 {[%emt 1:04:17]} exd5 {[%emt 1:10:10]} 12. e4 {[%emt 1:04:39]} dxe4 {[%emt 1:07:33]} 13. Nxe4 {[%emt 1:05:05]} O-O {[%emt 0:52:16]} 14. Ne5 {[%emt 0:47:11]} Bxe5 {[%emt 0:42:17]} 15. dxe5 {[%emt 0:47:28]} Nxe4 {[%emt 0:41:49]} 16. Bxe4 {[%emt 0:47:43]} Nc5 {[%emt 0:41:19]} 17. Bxh7+ {[%emt 0:25:06]} Kxh7 {[%emt 0:41:47]} 18. Qh5+ {[%emt 0:25:35]} Kg8 {[%emt 0:42:16]} 19. Rc4 {[%emt 0:26:02]} g6 {[%emt 0:20:56]} 20. Qh6 {[%emt 0:26:26]} f5 {[%emt 0:21:02]} 21. e6 {[%emt 0:26:04]} Qh7 {[%emt 0:15:09]} 22. Qxh7+ {[%emt 0:26:28]} 1-0

[Event "ZMDI Open 2018"]
[Site "Dresden"]
[Date "2018.08.04"]
[Round "2.1"]
[White "Li, Chao b"]
[Black "Pajeken, Jakob Leon"]
[Result "1-0"]
[WhiteElo "2714"]
[BlackElo "2379"]
[Annotator "TA"]
[PlyCount "37"]
[EventDate "2018.08.04"]
[EventType "swiss"]
[EventCountry "GER"]
[SourceTitle "playchess.com"]
[Source "ChessBase"]
[SourceQuality "1"]

{[%evp 19,37,7,10,26,23,45,58,60,112,99,107,114,122,107,83,100,89,91,319,310]} 1. c4 e6 2. d4 d5 3. Nc3 Nf6 4. cxd5 Nxd5 5. e4 Nxc3 6. bxc3 c5 7. a3 Be7 {D35: Damengambit (Abtauschvariante)} 8. Nf3 O-O 9. Bd3 b6 10. O-O Bb7 {LiveBook: 3 Partien} 11. Bf4 Nd7 12. Qe2 Re8 13. Rfd1 Rc8 $146 ({Lieber} 13... Nf6 $14) ({Vorgänger:} 13... Qc8 14. a4 Nf8 15. h4 {1-0 (41) Leitao,R (2636)-Castro Oscar,H (2359) Praia da Pipa 2014}) 14. dxc5 $16 Bxc5 15. Bb5 Bc6 16. Bxc6 Rxc6 17. Qb5 Qc8 {[#]} 18. Rxd7 $1 {[%mdl 512]} Qxd7 $2 (18... e5 $16 {ist eine bessere Verteidigung.}) 19. Ne5 $1 {[%csl LRc6,LRd7]} 1-0

[Event "ZMDI Open 2018"]
[Site "Dresden"]
[Date "2018.08.04"]
[Round "2.2"]
[White "Gourlay, Martin B"]
[Black "Romanov, Evgeny"]
[Result "1/2-1/2"]
[WhiteElo "1898"]
[BlackElo "2628"]
[Annotator "TA"]
[PlyCount "74"]
[EventDate "2018.08.04"]
[EventType "swiss"]
[EventCountry "GER"]
[SourceTitle "playchess.com"]
[Source "ChessBase"]
[SourceQuality "1"]

{[%evp 15,74,47,39,18,18,29,33,16,16,16,7,8,35,0,0,0,0,-9,-9,-9,-6,-6,-6,-6,-8,-29,-18,-61,-56,-56,-54,-63,-56,-80,-69,-85,-88,-83,-71,-77,-82,-83,-67,-67,-72,-176,-186,-317,0,0,0,-101,0,0,0,0,0,0,0,0,0]} 1. e4 c5 2. Nf3 e6 3. g3 Nc6 4. Bg2 Nf6 5. Nc3 (5. d3 d5 6. Nbd2 Be7 7. O-O O-O 8. Re1 b5 9. e5 Nd7 10. Nf1 Bb7 11. h4 Qc7 12. Bf4 Rfc8 13. Ne3 Qd8 14. Ng4 Bf8 15. Bg5 Qe8 16. c3 h6 17. Bf4 a5 18. Qd2 b4 19. c4 Ne7 20. h5 {1-0 (59) Kuzubov,Y (2699)-Grischuk,A (2772) Riadh 2017}) 5... d5 6. exd5 {B40: Sicilian: 2...e6, Unusual lines} Nxd5 7. Nxd5 Qxd5 8. O-O Be7 {LiveBook: 9 Games} 9. b3 O-O $146 ({Predecessor:} 9... Bf6 10. c3 Qd8 11. a4 O-O 12. Ba3 Be7 {1-0 (40) Sokolov,A (2558)-Kaenel,H (2319) Graechen 2013}) 10. Bb2 Qf5 11. Re1 Bf6 12. Bxf6 Qxf6 13. Qe2 Rd8 14. c3 Rb8 15. Rad1 b6 16. d4 cxd4 17. Nxd4 Nxd4 18. Rxd4 Rxd4 19. cxd4 Qxd4 20. Rd1 {[#]} Ba6 $1 {[%mdl 512]} 21. Rxd4 (21. Qxa6 Qxd1+) 21... Bxe2 $11 {[%mdl 4096] Endgame KRB-KRB} 22. Bf1 Bf3 23. Bg2 Bh5 24. h4 h6 25. b4 Rc8 26. Rd7 a5 27. b5 {Rb7 would now be nice for White.} Rc1+ 28. Kh2 Ra1 29. Rb7 Rxa2 30. Rxb6 (30. Kg1 $17 {keeps fighting.}) 30... Rxf2 $19 31. g4 (31. Rb8+ {is a better defense.} Kh7 32. Kg1) 31... Bg6 $2 (31... Bxg4 $19 {White must now prevent ...Rb2.} 32. Kg3 Rb2 33. Rb8+ Kh7) 32. Kg3 $11 Rb2 {[#] ...Bd3 is the strong threat.} 33. Rb8+ Kh7 34. b6 {The position is equal.} Rb3+ 35. Kf2 Rb2+ 36. Kg3 {Threatening b7.} Rb3+ 37. Kf2 Rb2+ {Precision: White = 52%, Black = 78%.} 1/2-1/2

[Event "ZMDI Open 2018"]
[Site "Dresden"]
[Date "2018.08.04"]
[Round "2.3"]
[White "Onischuk, Vladimir"]
[Black "Buckels, Valentin"]
[Result "1-0"]
[WhiteElo "2627"]
[BlackElo "2363"]
[Annotator "TA"]
[PlyCount "118"]
[EventDate "2018.08.04"]
[EventType "swiss"]
[EventCountry "GER"]
[SourceTitle "playchess.com"]
[Source "ChessBase"]
[SourceQuality "1"]

{[%evp 14,118,2,11,0,0,0,0,0,0,0,-16,-16,-21,-26,-15,-25,-19,16,21,20,15,21,6,11,0,0,0,122,138,137,127,108,127,131,127,146,150,227,214,458,100,289,120,112,96,104,89,64,62,51,57,84,70,113,97,104,99,333,122,123,116,192,104,111,73,166,166,170,167,217,205,266,258,255,258,369,383,344,381,400,388,356,347,427,420,495,453,482,478,453,418,613,584,12837,12839,12839,12839,12839,12839,12840,12839,12839,12839,12833,2621,12835]} 1. e4 e5 2. Nf3 Nc6 3. Bc4 Bc5 4. c3 Nf6 5. d3 d6 6. b4 Bb6 7. Nbd2 O-O {C54: Giuoco Piano: 4 c3 Nf6, main lines with 5 d4 and 5 d3} 8. Bb3 {LiveBook: 6 Games} (8. a4 a5 9. b5 Ne7 10. Bb3 c6 11. O-O Ng6 12. Nc4 Bc7 13. Re1 Re8 14. Bg5 h6 15. b6 Bb8 16. Bxf6 Qxf6 17. Rb1 Ra6 18. g3 Be6 19. Ncd2 d5 20. exd5 cxd5 {½-½ (32) Anand,V (2779)-Topalov,V (2760) Saint Louis 2016}) 8... Ne7 9. Nc4 Ng6 {The position is equal.} 10. a4 $146 {Black must now prevent a5.} ({Predecessor:} 10. O-O Be6 11. Re1 h6 12. Nxb6 Bxb3 13. Qxb3 axb6 14. b5 Re8 15. Bd2 Qd7 16. a4 d5 {½-½ (16) Nunn,J (2610)-Azmaiparashvili,Z (2575) Amsterdam 1990}) 10... c6 11. Nxb6 axb6 12. Be3 d5 13. Bc2 Qc7 14. h3 Rd8 {...dxe4 is the strong threat.} 15. Qb1 dxe4 16. dxe4 Be6 17. O-O h6 18. a5 Nd7 {[%cal Rb6a5]} 19. Rd1 bxa5 20. bxa5 Rxa5 (20... Ra6 $11) 21. Rxa5 $16 Qxa5 {[#]} 22. Bb6 $1 {[%cal Rb6a5][%mdl 512]} Nxb6 (22... Qxb6 23. Qxb6) 23. Rxd8+ Kh7 24. Qb4 Qa6 25. Bd3 Qa1+ (25... Qa7 $16 26. Nd2 Nd7) 26. Kh2 $18 Na4 $2 {[#]} (26... Nd7 27. Qxb7 Nf6 28. Qxc6 Qc1) 27. Qxb7 $2 (27. h4 $1 $18 {is the precise move to win.}) 27... Qxc3 $2 (27... Qc1 $16) 28. Qb1 (28. h4 $18) 28... Qa5 $16 29. Re8 Nc5 {[%cal Ba4c5,Bc5d7,Bd7f6][%mdl 32]} 30. Bc2 Nd7 31. Qd1 {White wants to mate with Ng5+!} Nf6 32. Rd8 $1 Nf4 33. Qd2 Qc5 34. Rb8 g5 35. Kg1 $36 {[%mdl 2048] White is on the roll.} Bc4 $2 (35... Kg7 $16) 36. Qe3 $2 (36. Qd8 $18 Kg7 37. Qb6) 36... Qd6 37. Rb1 Qe6 (37... Qe7 $16 {is a better defense.}) 38. Re1 ({Better is} 38. Bb3 $18) 38... g4 39. Nd4 exd4 (39... Qd7 $16 40. Nf5 Be6) 40. Qxf4 $18 {Threatens to win with e5+.} d3 41. Bb1 gxh3 42. e5 Nh5 43. Qe4+ Kg8 44. g3 d2 (44... f5 $142 45. exf6 Qxe4 46. Rxe4 Bd5 47. Rg4+ (47. Bxd3 Bxe4 48. Bxe4 c5 $11) 47... Kf7 48. Bxd3 Nxf6) 45. Rd1 Bd5 46. Qf5 Qxf5 47. Bxf5 {[%mdl 4096] Endgame KRB-KBN} f6 48. Bg4 ({Less strong is} 48. Rxd2 fxe5 49. Rb2 (49. Bxh3 Kg7 $16) 49... Kf7 $16) 48... Ng7 49. exf6 Ne8 50. Rxd2 Nxf6 51. Bxh3 Ne4 52. Rc2 Ng5 (52... Kf8 $142 53. Bd7 Ng5) 53. Bg2 {White is clearly winning.} Nf3+ 54. Bxf3 Bxf3 {KR-KB} 55. Rc3 Bd5 56. f3 Kf7 57. Kf2 Kf6 58. Ke3 Ke5 59. g4 Kf6 {Precision: White = 58%, Black = 38%.} 1-0

[Event "ZMDI Open 2018"]
[Site "Dresden"]
[Date "2018.08.04"]
[Round "2.4"]
[White "Lemmers, Oscar"]
[Black "Papp, Gabor"]
[Result "0-1"]
[WhiteElo "2351"]
[BlackElo "2597"]
[Annotator "TA"]
[PlyCount "82"]
[EventDate "2018.08.04"]
[EventType "swiss"]
[EventCountry "GER"]
[SourceTitle "playchess.com"]
[Source "ChessBase"]
[SourceQuality "1"]

{[%evp 16,82,20,6,8,0,0,-11,-8,-10,-7,-20,-21,-20,-9,-32,-34,-39,-31,-31,-18,-50,-41,-91,-85,-83,-73,-115,-112,-129,-127,-135,-135,-121,-120,-133,-122,-235,-239,-265,-212,-252,-157,-155,-161,-162,-157,-151,-138,-131,-139,-430,-447,-453,-433,-798,-786,-704,-604,-716,-676,-688,-637,-1149,-1034,-29983,-29983,-29991,-29981]} 1. e4 e5 2. Nc3 Nf6 3. Nf3 Nc6 4. Bb5 Nd4 5. O-O Nxb5 6. Nxb5 c6 7. Nc3 d6 8. d4 Qc7 9. Qd3 {LiveBook: 3 Games. C48: Four Knights: 4 Bb5, replies other than 4...Bb4} (9. h3 Be7 10. a4 O-O 11. Re1 Re8 12. b3 Bf8 13. Bb2 b6 14. Qd2 Bb7 15. Rad1 Rad8 16. Qg5 h6 17. Qc1 a6 18. dxe5 dxe5 {½-½ (54) Nepomniachtchi,I (2729)-Ding,L (2777) Riadh 2017}) 9... Be7 10. Bg5 O-O 11. Bxf6 {The position is equal.} Bxf6 12. d5 c5 $146 ({Predecessor:} 12... a6 13. h3 c5 14. Nd1 Bd7 15. Ne3 b5 16. Rfe1 h6 17. c3 a5 18. Nf5 c4 19. Qe2 a4 {½-½ (19) Bucsa,I (2242)-Burridge,R (1907) ICCF email 2013}) 13. Nd2 a6 14. a4 b6 15. Ne2 Bd7 16. c4 Rab8 17. b3 g6 18. Rae1 Bg7 19. f4 exf4 20. Nxf4 b5 21. axb5 axb5 22. Nf3 Rb6 23. Qc2 bxc4 24. bxc4 Rb2 25. Qd1 Rb4 {[%cal Bb2b4,Bb4c4,Bc4c2,Bc2e2][%mdl 32]} 26. e5 (26. Qc2 $17 {might work better.}) 26... Rxc4 $19 27. Nd3 Ba4 28. Qd2 dxe5 29. Ndxe5 Rc2 30. d6 Qb7 ({Inferior is} 30... Rxd2 31. dxc7 Rb2 32. Rb1 $11) 31. Qf4 Bb5 32. Rb1 Re2 {Strongly threatening ...Bxe5.} 33. Rxb5 $4 {[%mdl 8192] [#]} (33. Qg3 $17) 33... Qxb5 34. d7 Qb8 {[%cal Rg7e5]} 35. Qc4 (35. Nd3 $142 Qxf4 36. Nxf4) 35... Rxe5 ({Not} 35... Bxe5 36. Qxe2 Bf6 37. Rd1 $17) 36. Nxe5 Bxe5 37. Qd5 Bxh2+ 38. Kh1 Qd6 39. Qb7 Bg3 {[#] White must now prevent ...Qd4.} 40. Qc8 Qd4 41. d8=Q Qxd8 {Precision: White = 18%, Black = 83%.} 0-1